[Event "Dresden op 04th"]
[Site "Dresden"]
[Date "1995.07.21"]
[Round "9"]
[White "Lutz, Christopher"]
[Black "Kalinitschew, Sergey"]
[Result "1/2-1/2"]
[WhiteElo "2575"]
[BlackElo "2465"]
[Annotator "Kalinitschew,S"]
[PlyCount "56"]
[EventDate "1995.07.??"]
[EventType "swiss"]
[EventRounds "9"]
[EventCountry "GER"]
[SourceTitle "EXT 1997"]
[Source "ChessBase"]
[SourceDate "1996.11.15"]
[SourceVersion "1"]
[SourceVersionDate "1996.11.15"]
[SourceQuality "1"]

1. e4 d6 2. d4 Nf6 3. Nc3 e5 4. Nf3 exd4 5. Nxd4 Be7 6. Be2 O-O 7. O-O Re8 8.
f4 Bf8 9. Bf3 a5 $146 10. a4 c6 11. Re1 Na6 12. b3 $6 (12. Be3 {[%cal Ge3f2,
Gf2h4]}) 12... Nb4 13. Bb2 d5 $1 14. e5 (14. exd5 $2 Rxe1+ 15. Qxe1 c5) 14...
Bc5 15. Nb1 Bf5 16. Na3 Qb6 (16... Ne4 $5 $17 {Lutz}) 17. Kh1 Bd3 $6 (17... Ne4
18. Re2 Bxd4 19. Qxd4 (19. Bxd4 c5 20. Bb2 Qh6 21. Bxe4 Bxe4 $19) 19... c5 20.
Qg1 Qh6 21. g3 Ra6 $1 22. c4 Rg6 $19) 18. Nxc6 $1 (18. exf6 Bxd4 19. Bxd4 Rxe1+
(19... Qxd4 20. Be2 $1 (20. Qd2 Rxe1+ 21. Rxe1 Qb2) 20... Qxf4 21. Bxd3 Rxe1+
22. Qxe1 Qxf6 23. Bf1 $16 {[%cal Gc2c3,Ga3c2,Gc2d4]}) 20. Qxe1 Qxd4 21. Rd1 (
21. c3 Qxf6 22. cxb4 axb4 23. Rd1 bxa3 24. Rxd3 a2 25. Rd1 Qb2 $17) 21... Qb2
22. c3 Nc2 $1 23. Nxc2 Bxc2 24. Rc1 Qxb3 25. fxg7 (25. Qe5 g6) 25... Qxa4 26.
Qe5 Be4 27. Bh5 Qa2 28. Rg1 Qf2 $19) (18. cxd3 Bxd4 19. Bxd4 Qxd4 20. Nc2 (20.
exf6 Nxd3 21. Rf1 Re1 22. Qxe1 Nxe1 23. Raxe1 Qxf6 $17) 20... Nxc2 21. Qxc2 Nd7
$17) 18... Ne4 19. Bxe4 Bxe4 20. Nd4 (20. Nxb4 Bxb4 21. Bd4 Qg6 22. Re2 Rac8
$17) 20... f6 (20... Qg6 $1 21. Qd2 Rac8 22. Rac1 Na2 23. f5 (23. Ra1 Bb4)
23... Bxf5 (23... Qg4 24. Ra1 Rxe5 25. Qe2) 24. Nxf5 Qxf5 25. Rf1 Qg6 26. Ra1
Bxa3 27. Bxa3 Rxc2 28. Qxd5 Nc3 29. Qf3 (29. Qxb7 $2 Ne4) 29... Ne4 30. Rac1
Ra2 31. Bd6 Nd2 32. Qe2 Nxf1 33. Qxa2 Ng3+ $1 34. Kg1 Qe4 $1 35. Rd1 Ne2+ 36.
Kh1 Nc3 $19) 21. exf6 Qxf6 22. Qd2 Re7 $2 (22... Rac8 $1 23. Rac1 Bd6 24. Rf1
Rf8 $17) 23. Bc3 Rf8 24. f5 $1 Qh4 (24... Bd6 25. Ndb5 Be5 26. Bxe5 Qxe5 27.
Nd4 Rf6 $5 28. Kg1 Rh6 29. g3) 25. Nab5 Nc6 26. Rf1 Nxd4 (26... Bxd4 27. Nxd4
Nxd4 28. Bxd4 Rc7 (28... Bxg2+ 29. Qxg2 Qxd4 30. Rad1 $16) 29. c3 Rc6 30. f6
gxf6 31. Rf4 Qg5 32. Raf1 $16) 27. Bxd4 Bxd4 28. Nxd4 Rf6 (28... Rf6 29. Rae1 (
29. Qf4 $5) 29... Rh6 (29... b6 30. Kg1 Rh6 31. Qf4 $16) 30. Nf3 Qh5 (30...
Bxf3 31. gxf3 Rxe1 32. Rxe1 Kf8 33. Qe2 Qd8 34. Qe5 Rc6 35. Re2 $16) 31. Qxa5
Rf7 32. Qd8+ Rf8 33. Qc7 Rc6 (33... Rxf5 34. Rxe4 $3 dxe4 35. g4 Qh3 (35...
Qxg4 36. Qc8+ Kf7 37. Ne5+ $18) 36. Qc4+ Rf7 37. Qxf7+ Kxf7 38. Ng5+ Kg6 (38...
Ke7 39. Nxh3 Rxh3 40. Re1 $18) 39. Nxh3 Rxh3 40. Re1 Rc3 41. Rxe4 Rxc2 42. Rb4
$18) 34. Qxb7 Rxc2 35. Qa6 (35. a5 $4 Qg4) (35. Kg1 $4 Rxg2+ 36. Kxg2 Qg4+)
35... Rf6 $1 36. Qb5 Rxf5 $44) 1/2-1/2

[Event "Abu Dhabi op 25th"]
[Site "Abu Dhabi"]
[Date "2018.08.15"]
[Round "9"]
[White "Karthikeyan, Murali"]
[Black "Kadric, Denis"]
[Result "1-0"]
[WhiteElo "2609"]
[BlackElo "2537"]
[Annotator "Karthikeyan,M"]
[PlyCount "87"]
[EventDate "2018.08.07"]
[EventType "swiss"]
[EventRounds "9"]
[EventCountry "UAE"]
[SourceTitle "CBM 185 Extra"]
[Source "ChessBase"]
[SourceDate "2018.07.29"]
[SourceVersion "1"]
[SourceVersionDate "2018.07.29"]
[SourceQuality "1"]

1. e4 d6 2. d4 Nf6 3. Nc3 e5 4. Nf3 Nbd7 5. Bc4 Be7 6. O-O O-O 7. Re1 c6 8. a4
exd4 9. Nxd4 Ne5 10. Bb3 {1} Re8 11. h3 Ng6 12. f4 $6 (12. Bg5 $14 {was better
but White has no plan. It's important that even Black doesn't have any
suitable plan.}) 12... Nd7 13. Nf5 (13. Nf3 Nc5 $11 {is of no use.}) 13... Nc5
14. Nxe7+ Qxe7 15. Bd2 {This might not feel best as the bishop doesn't do much
on d2 compared to e3 but it prevents Black's main idea which is f5. Also, when
your opponent plays very fast till 14...Qxe7, you can easily feel that Bd2
might not be his preparation.} (15. Be3 Nxb3 16. cxb3 f5 {is engine's top
choice and black is fine. for example,} 17. Qd2 (17. exf5 Bxf5 18. Qd2 Qh4 $15)
(17. b4 fxe4 18. Nxe4 Qxe4 19. Bf2 Bg4 20. Rxe4 Bxd1 21. Rxe8+ Rxe8 22. Rxd1 d5
$11) 17... Qf7 $11 (17... fxe4 $2 18. Nxe4 Qxe4 19. Bf2 $1 $18)) 15... Qh4 $6 (
15... Nxb3 16. cxb3 d5 17. exd5 Qc5+ 18. Kh2 Bd7 $11) 16. f5 Nxb3 17. cxb3 Ne5
18. Rf1 (18. Be3 d5 19. exd5 (19. Bf2 Qg5 $11) 19... Bxf5 $11) 18... b6 {
Otherwise Black's bishop is just bad.} (18... d5 19. exd5 Qd4+ 20. Kh2 $14) 19.
Be1 Qg5 20. Bd2 (20. Qxd6 Ba6 21. Rf2 Rad8 $15 {is not what White wanted.})
20... Qh4 21. Qe2 a5 22. Qe3 Ba6 23. Rf4 Qd8 $6 (23... Qf6 {This just prevents
White's try with f6.} 24. Qg3 (24. Qxb6 Reb8 25. Qe3 Nd3 $17) 24... Nd3 25. Rf3
$11 Ne5 26. Rf2 Nd3 27. Rf3 $11) 24. f6 g6 (24... gxf6 25. Rf5 $14 {with the
idea of Qf2 at least gives White compensation.}) (24... Ng6 25. Qg3 gxf6 26.
Rf3 $14) 25. Rd1 Re6 26. Be1 Nd7 27. Bh4 Qf8 28. Rf2 Nc5 29. Bg5 {1} (29. Bg3
d5 $15) 29... Qe8 $2 (29... d5 $5 30. Bh6 Qe8 31. Bg7 Nxe4 32. Nxe4 Rxe4 33.
Qxb6 (33. Qh6 {allows} Re1+ 34. Rxe1 Qxe1+ 35. Kh2 Qe5+ $1 (35... Qxf2 $4 36.
Bh8 $18 {[%cal Gh6g7]}) 36. g3 Qh5 $15) 33... Rb4 {and the position is roughly
equal.}) 30. Qg3 {2} Rd8 (30... Rxe4 31. Rxd6 $14) 31. Rfd2 {1} Qf8 $6 (31...
Nxe4 32. Nxe4 Rxe4 33. Rxd6 Rxd6 34. Qxd6 h5 $14 {was better try for black for
equality}) 32. Bf4 Nb7 33. Kh2 Kh8 (33... Rxf6 34. Bg5 Re6 35. Bxd8 Qxd8 36. e5
d5 37. Ne4 $16) 34. Qh4 Nc5 35. Qg3 Nb7 36. Rd4 Rd7 (36... Rxf6 37. b4 $5 axb4
38. Rxb4 $18) 37. Qh4 (37. b4 $18 {is also possible here but Qh4 has a very
deep idea.}) 37... Qe8 (37... Qg8 38. e5 d5 39. Bh6 Qe8 40. Bg7+ Kg8 41. Qxh7+
$18) 38. e5 Nc5 (38... d5 39. Ne4 $18) 39. Qh6 {1} Qg8 40. Rxd6 Rdxd6 41. Rxd6
(41. exd6 Nd7 $14) 41... Rxd6 42. exd6 Ne6 $2 (42... Bc8 43. Be3 Nd7 44. Ne4) (
42... Bd3 $1 {[%csl Ge4] is a better chance but loses.} 43. Be3 Nd7 44. Bxb6 $1
Nxb6 45. Qe3 Qd8 46. Qe7 Qg8 47. d7 Nxd7 48. Qxd7 $18) 43. d7 Bd3 44. Bc7 (44.
Bc7 g5 45. d8=Q Nxd8 46. Bxd8 $18) 1-0

[Event "Biel"]
[Site "Biel"]
[Date "1995.??.??"]
[Round "13"]
[White "De Firmian, Nick E"]
[Black "Campora, Daniel Hugo"]
[Result "1-0"]
[WhiteElo "2605"]
[BlackElo "2550"]
[Annotator "King,D"]
[PlyCount "71"]
[EventDate "1995.07.??"]
[EventType "tourn"]
[EventRounds "13"]
[EventCountry "SUI"]
[EventCategory "15"]
[SourceTitle "CBM 049"]
[Source "ChessBase"]
[SourceDate "1995.12.01"]
[SourceVersion "1"]
[SourceVersionDate "1995.12.01"]
[SourceQuality "1"]

1. e4 d6 2. d4 Nf6 3. Nc3 e5 4. Nf3 Nbd7 5. Bc4 Be7 6. O-O c6 7. Re1 b6 8. a4
O-O 9. h3 a6 10. b3 Bb7 11. Bb2 Qc7 12. Bd3 Rfe8 13. Ne2 d5 14. Nxe5 dxe4 15.
Bc4 Nxe5 16. dxe5 Bb4 17. exf6 Bxe1 18. Qxe1 b5 19. Qc1 h6 20. fxg7 Qd6 21. Ng3
bxc4 22. Nf5 Qg6 23. Nxh6+ Kh7 24. Ng4 Re6 25. Qf4 c5 26. Rd1 cxb3 27. cxb3 Bc6
28. Qg3 f5 29. Qh4+ Kg8 30. Rd8+ Rxd8 31. Qxd8+ Be8 32. Nf6+ Rxf6 33. Bxf6 Qf7
34. Bc3 Kh7 35. Kh2 {Zugzwang.} Qe6 (35... f4 36. Qh4+ Qh5 37. Qxf4 $18) (35...
Kg8 36. Qh4 Qh5 37. Qf6 Qf7 38. Qh6 $18) 36. Qh4+ 1-0

[Event "CZE-ch"]
[Site "Turnov"]
[Date "1996.??.??"]
[Round "7"]
[White "Oral, Tomas"]
[Black "Mokry, Karel"]
[Result "0-1"]
[WhiteElo "2460"]
[BlackElo "2505"]
[Annotator "King,D"]
[PlyCount "80"]
[EventDate "1996.??.??"]
[EventType "tourn"]
[EventRounds "11"]
[EventCountry "CZE"]
[EventCategory "8"]
[SourceTitle "CBM 054"]
[Source "ChessBase"]
[SourceDate "1996.10.01"]
[SourceVersion "1"]
[SourceVersionDate "1996.10.01"]
[SourceQuality "1"]

1. e4 d6 2. d4 Nf6 3. Nc3 e5 4. Nf3 Nbd7 5. Bc4 Be7 6. O-O O-O 7. a4 c6 8. Qe2
exd4 9. Nxd4 Re8 10. Bg5 Nd5 11. Bxe7 Nxc3 12. Qf3 Rxe7 13. Qxc3 Rxe4 14. f3
Re8 15. Rae1 Rxe1 16. Rxe1 Nf8 17. Ba2 Bd7 18. a5 Rb8 19. a6 {White has made a
complete mess of the opening, so is intent on stirring up trouble. The point
of this pawn sacrifice is to break up Black's pawns on the queenside, creating
some weaknesses so that White's bishop and knight have some squares to land on.
But now it is a two pawn deficit.} c5 20. Ne2 bxa6 21. Nf4 Qg5 22. Nd5 Re8 23.
f4 Qd8 24. Rxe8 Qxe8 25. Qg3 Ng6 26. h4 Bc6 27. h5 Bxd5 28. Bxd5 Ne7 29. h6 {
This is not a brilliant game, but I wanted to include it just because I found
it amusing that White managed to advance both rook's pawns to the sixth rank.
This one is simply a blunder, though.} (29. Qe3 {Is still a rather tricky
psoition for Black to handle.}) 29... Nf5 30. Qg5 Nxh6 31. f5 Qe1+ 32. Kh2 Qe5+
33. Kg1 Qf6 34. Qe3 Qd4 35. Qxd4 cxd4 36. Be4 Kf8 37. Kf1 Ke7 38. Ke2 Kf6 39.
Kd3 Nxf5 40. Bb7 a5 0-1

[Event "Paris Grand Prix du Senat 2nd"]
[Site "Paris"]
[Date "2001.04.06"]
[Round "2.5"]
[White "Spassky, Boris Vasilievich"]
[Black "Fressinet, Laurent"]
[Result "1/2-1/2"]
[WhiteElo "2551"]
[BlackElo "2575"]
[Annotator "Kostakiev,D"]
[PlyCount "40"]
[EventDate "2001.05.05"]
[EventType "k.o."]
[EventRounds "2"]
[EventCountry "FRA"]
[SourceTitle "CBM 083"]
[Source "ChessBase"]
[SourceDate "2001.07.05"]
[SourceVersion "1"]
[SourceVersionDate "2001.07.05"]
[SourceQuality "1"]

1. e4 {Bangiev. "Sic tranzit gloria mundy"... White is one of the great chess
genius during the 60-70s of the last century. Now his ELO is lower than his
opponent's but merrits admiration that he is still participating in open
events.} e5 2. Nf3 d6 3. d4 exd4 4. Nxd4 Nf6 5. Nc3 Be7 6. g3 {Modern but not
stronger than clasic} ({Once upon a time they were preferred easier B's
developments as follows: A)} 6. Be2 O-O 7. f4 (7. O-O c5 (7... Nc6 8. Be3 Bd7
9. f4 Nxd4 10. Bxd4 {1/2-1/2 Paulsen,L-Blackburne,J/Vienna 1882/EXT 99 (48)})
8. Nf3 Nc6 9. Bf4 Be6 10. Qd2 {1/2-1/2 Loewenthal,J-Morphy,P/London 1858/HCL 
(51)}) 7... c5 (7... Nbd7 8. O-O b6 9. h3 Bb7 10. Bf3 {0-1 Green,V-MacDonnell,
G/London 1862/EXT 2000 (27)}) (7... Bd7 8. O-O c5 9. Nf3 Bc6 10. e5 {1-0
Schallopp,E-Paulsen,W/Barmen 1869/EXT 2001 (52)}) 8. Nf3 Nc6 (8... Bg4 9. h3
Bxf3 10. Bxf3 {1-0 Mackenzie,G-MacDonnell,G/London 1862/HCL (47)}) 9. O-O Bg4
10. Be3 a6 11. a3 Bxf3 {1-0 Staunton,H-Horwitz,B/London 1846/HCL (33)}) ({B)} 
6. Bc4 O-O 7. f4 (7. O-O c6 (7... Nxe4 8. Nxe4 d5 9. Qd3 dxc4 10. Qxc4 $11) 8.
Bb3) 7... Nxe4 8. Bxf7+ Rxf7 9. Nxe4 d5 10. Nf2 {0-1 Harrwitz,D-Horwitz,B/
Brighton 1849/HCL (42)}) ({C)} 6. Bd3 O-O 7. O-O (7. f4 c5 8. Nf3 Nc6 9. O-O
Bg4 {1-0 Morphy,P-Seguin,M/Paris 1858/EXT 99 (47)}) 7... c5 8. Nde2 Nc6 9. f4
a6 10. a4 Bg4 11. h3 {0-1 Pindar,E-Boden,S/Manchester 1857/EXT 2000 (38)}) 6...
d5 7. exd5 Nxd5 8. Nde2 (8. Bg2 Nxc3 9. bxc3 O-O {1/2-1/2 Ambroz,J-Barbero,G/
Lenk 1993/EXT 97 (9)} 10. O-O Na6 11. Re1 Bf6 12. Rb1 c6 13. Ba3 c5 14. Nb5 Qa5
{0-1 Sveshnikov,E-Gabdrakhmanov,R/Naberezhnie Chelni 1988/TD (29)}) (8. Bd2 O-O
9. Bg2 Bf6 (9... Nb6 {Bangiev} 10. Be3 Nc4 11. O-O c6 12. Qe2 Nxe3 13. Qxe3 Bg5
14. Qd3 Na6 15. Ne4 Be7 {1/2-1/2 Popchev,M-Chiburdanidze,M/Sochi 1989/CBM 16 
(43)}) 10. Nxd5 Bxd4 11. O-O {1-0 Teske,H-Ekstroem,R/Montecatini Terme 1997/
CBM 61 ext (49)} Bxb2 12. Rb1 Ba3 13. Bf4 Na6 {1-0 Teske,H-Ekstroem,R/
Montecatini Terme 1997/CBM 61 ext (49)}) (8. Nf3 Nxc3 9. Qxd8+ Bxd8 10. bxc3
Bf5 11. Bg2 Nc6 12. O-O {1/2-1/2 Kudrin,S-Chiburdanidze,M/Kusadasi 1990/EXT
2000 (12)}) 8... Nxc3 9. Qxd8+ Bxd8 10. Nxc3 Bf5 (10... O-O 11. Be3 Nc6 12. Bg2
Bf6 13. O-O-O Bxc3 14. bxc3 Be6 15. Bxc6 {1/2-1/2 Yandemirov,V-Antoshin,V/
Voronezh 1988/EXT 99 (15)}) 11. Bg2 Nc6 $146 {'!?' Bangiev.} (11... c6 12. Ne4
O-O 13. Be3 Ba5+ 14. Bd2 Bxe4 {1/2-1/2 Kacirek,P-Payen,A/Pardubice 1998/EXT 99
(14).}) 12. Bf4 $11 {Now the draw seems inevitable. But just now starts
intensive small and big mistakes: '!' Bangiev.  Bangiev: 'Die Schwäche auf c7
sollte die schwarze Stellung beachtlich überlasten.'} O-O $6 (12... Bxc2 13.
Bxc6+ $11) (12... g5 $5 {Bangiev}) (12... Bxc2 {Bangiev}) 13. O-O-O $14 Re8 {
Bangiev: 'Schwarz sucht den Ausgleich durch Vereinfachung der Stellung.'} (
13... Nb4 {Bangiev} 14. Rd2 Bf6) 14. Rhe1 {Bangiev: 'Ein guter Zug. Schwarz
bekommt nun noch eine Schwäche - das Feld e8.'} (14. Bxc6 $6 {Bangiev} bxc6 15.
Rhe1 $14) 14... Rxe1 15. Rxe1 Kf8 $2 (15... Bd7 $14) 16. Nd5 $2 {'?!' Bangiev.}
(16. Nb5 $1 g5 (16... Rc8 $2 17. Bxc6 $18 bxc6 18. Nd6 $1 $16 cxd6 19. Bxd6+
Be7 20. Rxe7 Rd8 21. Bc5 Kg8 22. Rxa7 $16) (16... Be6 {Bangiev} 17. Bxc7 $16) (
16... a6 {Bangiev} 17. Nxc7 $16) (16... Nb4 {Bangiev} 17. Bxb7 Rb8 18. Nxc7 $1
$16) 17. Bxc7 Bxc7 18. Nxc7 Rc8 19. Nd5 h6 20. b3 $16) 16... Rc8 $14 17. Ne3 {
Bangiev: 'Weiß hat die Initiative entgültig verloren, steht aber etwas besser.'
} (17. h4 $142 h6 18. c4 $14) 17... Be6 $11 18. Bd5 $2 {[#]} (18. h4 $14) 18...
Bxd5 $4 (18... g5 $1 $19 {In the Bulgarian chess revew "Shahmatna mis'l" No5/
1997 was published an interesting study devoted to the "Unexpected g7-g5".
There among the other examples is shown how Tigran Petrosjan was wining
against Spasky by unexpected g7-g5.} 19. Bxc6 (19. Bxg5 Bxg5 20. Bxc6 bxc6 $19)
19... gxf4 $17 20. Bxb7 Rb8 21. Be4 fxe3 22. Rxe3 $17) 19. Nxd5 $11 Ne7 20.
Nxe7 Bxe7 1/2-1/2

[Event "BL2-Ost 9899"]
[Site "Germany"]
[Date "1998.12.13"]
[Round "3.1"]
[White "Kosten, Anthony C"]
[Black "Pribyl, Josef"]
[Result "1-0"]
[WhiteElo "2515"]
[BlackElo "2430"]
[Annotator "Kosten,A"]
[PlyCount "101"]
[EventDate "1998.10.18"]
[EventType "team-tourn"]
[EventRounds "9"]
[EventCountry "GER"]
[SourceTitle "GER-chT2"]
[Source "ChessBase"]
[SourceDate "1999.07.01"]
[SourceVersion "1"]
[SourceVersionDate "1999.07.01"]
[SourceQuality "1"]
[WhiteTeam "Schott Mainz"]
[BlackTeam "Bamberg"]
[WhiteTeamCountry "GER"]
[BlackTeamCountry "GER"]

1. e4 {Somewhat unusual for me. I haven't played this very often in serious
games for many years, as I normally prefer the English Opening. Why, you are
probably wondering, did I play it here, then? For the simple reason that, in
my preparation, I noticed that my opponent liked to play Hanham's Variation of
Philidor's Defence. Not that there is anything wrong with that, it is a good
defence, it is just that I have played it many times myself, as Black, and
have even written a book about the Philidor. So, I hoped that my opponent
would play the Philidor against me, but I didn't think that he would dare!} d6
{Phew! I don't know what I would have done if he had played something else!} 2.
d4 Nf6 3. Nc3 e5 {I believe this to be the best way to reach this position for
Black, as the endgame following 4 dxe5 dxe5 5 Qxd8+ Kxd8 is nothing much for
White.} 4. Nf3 Nbd7 5. Bc4 Be7 6. O-O O-O 7. a4 c6 {Thus, we have reached one
of the main Hanham positions. There were several different lines that I wanted
to try, but eventually I decided to play an aggressive one.} 8. Ba2 b6 9. Be3
Bb7 10. Nd2 {This is a good move, sometimes the knight can come to c4, to
pressurise the d6-square, but I had another idea in mind.} a6 {Correct, Black
prepares his queenside counterplay with ...b5, if White does nothing he can
easily find himself at a disadvantage.} 11. f4 {The point, and similar to a
plan Alekhine once employed, White opens the f-file.} b5 12. Qf3 exd4 {I think
that this is the right moment for this, otherwise, White might play dxe5, and
f5, g4-g5, with a powerful attack.} 13. Bxd4 b4 14. Ne2 c5 15. Be3 Qc7 16. Ng3
Rae8 {Black targets the e4-pawn, and restricts White's mobility.} 17. Bf2 {
This seems like a waste of a move, but e4 needed defending.} Bd8 18. Rfe1 {
The f-rook comes here, because the a-rook has its place ready on the open
d-file.} Qc6 {I had half-expected my opponent to try the pawn sacrifice} (18...
d5 $5 {when} 19. exd5 Nb6 20. Nde4 Nxe4 21. Nxe4 c4 {offers Black reasonable
compensation, as the black pieces seem active.}) 19. Bb3 {Played with the
intention of continuing 20 a5, and 21 Ba4, which explains my opponent's reply.}
a5 20. Bc4 $1 {Coming to b5, there are a lot of black pieces on the a4-e8
diagonal!} Qc7 {With this pawn structure, Black can ill-afford to exchange
light-squared bishops by} (20... Ba6 21. Rad1 {as if} Bxc4 22. Nxc4 {the
d6-pawn becomes a real problem.}) 21. Rad1 g6 {Finally, Black defends against
the threat of Nf5.} 22. Bb5 Re6 $6 {Perhaps Black should have taken the
opportunity to get rid of his backward d-pawn by} (22... d5 23. e5 d4 {
although, it is true, after} 24. Nge4 {Black's light squares are weak.}) 23.
Nc4 Rfe8 24. f5 $1 Rxe4 {Of course, Black is forced into giving-up the
exchange as} (24... gxf5 $2 25. Nxf5 Nxe4 26. Bxd7 Qxd7 27. Qg4+ {wins,} Rg6 $4
28. Nh6+ {and the queen is lost.}) 25. Nxe4 Rxe4 26. Rxe4 Bxe4 27. Qe2 d5 28.
Bg3 Qa7 29. fxg6 $1 {The sting in the tail, which reduces Black's compensation
for the exchange to just one pawn.} hxg6 30. Nd6 {The second point, White will
exchange Black's powerful e4-bishop.} c4+ 31. Bf2 (31. Kh1 $1 {may have been
even better, but I had seen a way to a simple win, and so I didn't hesitate.})
31... Bb6 32. Bxd7 Nxd7 33. Nxe4 dxe4 34. Bxb6 Qxb6+ 35. Kh1 Qc6 {The position
is quite lost for Black, for instance, the tactical} (35... Nf6 {loses a pawn
to} 36. Qxc4 {as} Ng4 $4 {is impossible:} 37. Qc8+ {picking-up the knight.})
36. Qd2 $1 {Black is given no time to set up his defence.} Nf8 {Unfortunately
for Black, the natural move} (36... Nf6 {allows} 37. Qd8+ Kg7 $4 (37... Kh7 {
is better, but} 38. Qe7 {forces} Qe6 {which is hopeless.}) 38. Rd6) 37. Qd5
Qxa4 38. Qxc4 e3 39. b3 Qe8 40. Re1 {Winning the e-pawn. I expected my
opponent to resign here, but he must have felt that he still had a chance.} Qe5
41. Qd3 Qb2 42. h3 {A precaution against back-rank mates.} Ne6 43. Rxe3 Nd4 44.
Kh2 a4 45. bxa4 Nxc2 46. Re8+ Kg7 47. Qd6 Qc1 {This allows White to force mate
in two different ways, but which one should I choose?} 48. Qf8+ (48. Qe5+ f6 {
amount to the same} 49. Re7+ Kh6 50. Qxf6 {but why allow a spite check?}) 48...
Kf6 49. Qh8+ Kg5 50. Qe5+ f5 51. Qe7+ (51. Qe7+ Kh5 52. Rh8+ Qh6 53. g3 $1 Qxh8
54. Qh4#) 1-0

[Event "St Petersburg op"]
[Site "St Petersburg"]
[Date "1994.??.??"]
[Round "4"]
[White "Malaniuk, Vladimir P"]
[Black "Agrest, Evgenij"]
[Result "1-0"]
[WhiteElo "2595"]
[BlackElo "2475"]
[Annotator "Krasenkow,M"]
[PlyCount "123"]
[EventDate "1994.02.??"]
[EventType "swiss"]
[EventRounds "9"]
[EventCountry "RUS"]
[SourceTitle "CBM 041"]
[Source "ChessBase"]
[SourceDate "1994.08.01"]
[SourceVersion "1"]
[SourceVersionDate "1994.08.01"]
[SourceQuality "1"]

1. d4 d6 2. e4 Nf6 3. Nc3 e5 4. Nf3 Nbd7 5. Bc4 Be7 6. O-O O-O 7. Re1 c6 8. a4
b6 9. Bg5 $1 Bb7 (9... a6 10. Bxf6 Bxf6 11. d5 c5 12. Nb1 $5 g6 13. Nbd2 Bg7
14. c3 f5 15. b4 $14 {Kharlov,A-Panchenko,AN/Rostov op/1993/}) 10. Bxf6 Bxf6
11. d5 c5 12. a5 $1 g6 13. Qd3 a6 14. axb6 Nxb6 15. Nd2 $16 {/\->><a6,->>>} Bg5
16. Nb3 Nxc4 17. Qxc4 Bc8 18. Na5 Bd7 19. Qd3 Qc7 20. Ra2 Rfb8 21. Rea1 Rb4 22.
Nc4 Bc8 23. b3 Kg7 24. Ne2 Bf6 25. h3 Bd8 26. Na5 Bd7 27. Nc3 Bf6 28. Qe2 Bd8
29. Kh2 Rbb8 30. Qd3 Rb4 31. Qe3 h6 32. Qe2 Rbb8 33. Qd2 Bg5 34. Qd3 Rb4 35.
Qe2 Bd8 36. Kg1 Rbb8 37. Qd3 Rb4 38. Kh1 Bg5 39. Qe2 Bd8 40. Kh2 Rbb8 41. Nc4
Bc8 42. Kh1 Rb4 43. Nd1 Qe7 44. Ndb2 Rbb8 45. Qe3 Bb7 46. Na4 Bc8 47. f4 f6 48.
Rf1 Bd7 49. f5 g5 50. Rfa1 Bc8 51. Qd3 {/\g4,Kg2-f2,Rh1,h4->>>} Bc7 $2 52. Nxc5
$1 dxc5 53. d6 Bxd6 (53... Qd7 54. dxc7 Qxc7 55. Nd6) 54. Nxd6 Rb6 55. Nxc8
Rxc8 56. Rxa6 Rxa6 57. Rxa6 Rd8 58. Qb5 h5 59. Rb6 Rd7 60. Re6 Rd1+ 61. Kh2 Qa7
62. Qe8 1-0